| 000 | 00518nam a2200157Ia 4500 | ||
|---|---|---|---|
| 008 | 231221s9999 xx 000 0 und d | ||
| 041 | _aEnglish | ||
| 082 | _a372.832 GUD;1 R | ||
| 100 | _aGuddadanveri, Prabha. | ||
| 245 | 0 | _aHuman rights education and distance education : useful for B.ed, M.ed and KSOU B.ed students as per new syllabus | |
| 250 | _a1st ed. | ||
| 260 |
_c2009 _bVidyanidhi _aGadag |
||
| 300 | _a250 | ||
| 650 | _arights,education,distance,education,useful,B.ed,,M.ed,KSOU,B.ed | ||
| 942 | _cED | ||
| 999 |
_c210880 _d210880 |
||